000 00924nam a22002537a 4500
005 20170124103010.0
010 _aA-475416
020 _c55.00
_a8171190162
035 _aA-475416
037 _bCen Lib/Ret
040 _aDPL
_bHN
082 _a
_bभगवा
100 _aभगवान सिंह
_957185
245 _aमहाभिषग /
_cभगवान सिंह
246 _aMahabhishag /
_bby Bhagvan Singh
260 _aनयी दिल्ली
_bराधाकृष्ण
_c1990
270 _bनयी दिल्ली
_a2/38, अंसारी रोड, दरिया गंज
_e110002
300 _a212पृ.
_c17सेमी (सजिल्द)
650 _aहिन्दी साहित्य
_957186
650 _aउपन्यास
_957187
650 _aHindi literature
_957188
650 _aFiction
_98901
942 _2ddc
_cHN
_h
_mभगवा
999 _c114529
_d114529